00345nam a22001217a 4500003000400000082001500004100002000019245006700039260007300106300000900179500002300188546001200211OSt aIFRRI/1981 aScobie, Grant M aGovernment policy and food imports: the case of wheat in Egypt aWashington, D. CbInternational Food Policy Research Institutec1981 a88p. aResearch report 29 aEnglish